| 000 | 00921nam a22002897a 4500 | ||
|---|---|---|---|
| 001 | 7422 | ||
| 003 | FISKH | ||
| 005 | 20250714153822.0 | ||
| 008 | 250714b cb ||||| |||| 00| 0 eng d | ||
| 020 | _a9780340881538 | ||
| 040 |
_aFISKH _beng _cFISKH _dFISKH |
||
| 050 | _aPZ7.M869647 R | ||
| 082 | _a823.92 | ||
| 100 | _aMuchanmore, Robert | ||
| 245 |
_aThe recruit / _cBy Robert Muchanmore |
||
| 250 | _aThis edition published 2014 | ||
| 260 |
_aLondon : _bHodder Children's Books , _c2004. |
||
| 300 |
_a339 pages : _billustrations ; _c20 cm . |
||
| 490 |
_aCHERUB _v1 |
||
| 505 | _aQ | ||
| 520 | _aJames is recruited into CHERUB, a secret division of MI5 which consists of teenage spies. He successfully completes his training and goes on his first mission. | ||
| 521 | 8 |
_a660
_bLexile |
|
| 521 | 8 |
_aQ
_bRaz-Plus |
|
| 650 |
_aAdventure _vFiction |
||
| 942 |
_2ddc _cBK _n0 |
||
| 999 |
_c7422 _d7422 |
||